00979nam a2200229Ia 4500003000900000008004100009020001800050040001600068080002400084111011300108245027400221260003800495300001400533650001600547650001600563650002100579650001400600650002100614700007100635700002300706700002000729IN-BaIIA211028s9999 xx 000 0 eng d a981-02-4388-X cIIA Library a524.834(082.1)bPAR aInternational Symposium on Particle, Strings and Cosmology, PASCOS 99n7cCalifornia, U.S.Ad1999 Dec. 10-16 0aParticle, strings and cosmologybproceedings of the 7th international symposium on particle, strings and cosmology, PASCOS 99, held in California, U.S.A, 10-16 Dec 1999cedited by K. Cheung, J. F. Gunion and S. Mrenna  aSingaporebWorld Scientificc2000 axv, 563p. aCosmic rays aDark matter aGamma ray bursts aNeutrinos aParticle physics aCheung, K., ed.  aGunion, J. F., ed. aMrenna, S., ed.